Prehľad a analýza moderných maloobjemových zážihových motorov

Saved in:
Bibliographic Details
Main Author: Ragan, Branislav, 1987- (Author)
Other Authors: Neuschl, Tomáš, 1972- (Thesis advisor)
Format: Manuscript Book
Language:Slovak
Published: Bratislava : STU v Bratislave SjF, 2010
Subjects:
Online Access:VAIS
Tags: Add Tag
No Tags, Be the first to tag this record!

MARC

LEADER 00000ntm a22000003a 4500
001 stu218695
005 20150617230113.9
008 101207s2010----xo------------------slo-d
040 |a STU  |b slo 
041 0 |a slo 
044 |a xo 
100 1 |a Ragan, Branislav,  |d 1987-  |4 aut  |u J0030  |U SjF Strojnícka fakulta  |T SjF Ústav dopravnej techniky a konštruovania  |X 49850  |U J0030  |Y 806  |7 A000049850 
242 0 0 |a Review and analysis of modern small-scale petrol engines  |y eng 
245 1 |a Prehľad a analýza moderných maloobjemových zážihových motorov 
260 |a Bratislava :  |b STU v Bratislave SjF,  |c 2010 
650 7 |a automobily, lode a spaľovacie motory  |2 stusub 
650 7 |a Automobiles, Ships and Combustion Engines  |2 estusub 
650 7 |a turbocharger  |2 estusub 
700 1 |a Neuschl, Tomáš,  |d 1972-  |4 ths  |u J0030  |U SjF Strojnícka fakulta  |T SjF Ústav dopravnej techniky a konštruovania  |X 4266  |U J0030  |Y 806  |7 A000004266 
856 4 |a info a plný text  |u http://is.stuba.sk/zp/portal_zp.pl?podrobnosti=48784  |3 VAIS 
996 |b 284J038963  |c J*831/BP  |l JJSK  |s A  |a 24  |w stu218695_0001